Loading...
| Literature - British | 0 | 2 | 0 | 1 | 20 | 52 | 83.50 | 0 | 1 | 3.40 | 5.00 |
| Social Science | 0 | 2 | 0 | 0 | 20 | 67 | 69.50 | 1 | 1 | 7.99 | 13.33 |
| Literature - European | 0 | 2 | 0 | 0 | 20 | 100 | 104.00 | 1 | 2 | 0.24 | 13.33 |
| Literature - World | 0 | 2 | 1 | 0 | 15 | 61 | 61.00 | 2 | 2 | 8.13 | 18.18 |
| History - European | 0 | 1 | 0 | 0 | 10 | 62 | 62.00 | 0 | 1 | 1.98 | 3.81 |
| History - American | 0 | 1 | 0 | 0 | 10 | 32 | 32.00 | 1 | 1 | 34.91 | 50.00 |
| Fine Arts - Other | 0 | 1 | 0 | 0 | 10 | 81 | 81.00 | 0 | 1 | 2.61 | 5.00 |
| Popular Culture | 0 | 1 | 0 | 0 | 10 | 25 | 25.00 | 1 | 1 | 15.45 | 20.00 |
| Fine Arts - Painting and Sculpture | 0 | 1 | 0 | 0 | 10 | 93 | 93.00 | 0 | 0 | 1.86 | 3.64 |
| Philosophy | 0 | 1 | 1 | 0 | 5 | 19 | 19.00 | 1 | 1 | 9.02 | 11.11 |
| Mythology | 0 | 0 | 1 | 0 | -5 | 0.00 | 0 | 0 | 0.00 | 0.00 | |
| Religion | 0 | 0 | 2 | 0 | -10 | 0.00 | 0 | 0 | 0.00 | 0.00 |